Central Library OPAC University of Rajshahi

Theory of the stability of lyophobic colloids; (Record no. 10258)

MARC details
000 -LEADER
fixed length control field 01067cam a22003011 4500
001 - CONTROL NUMBER
control field 10258
003 - CONTROL NUMBER IDENTIFIER
rucl marc code BD-RjUL
005 - DATE AND TIME OF LATEST TRANSACTION
control field 20211208234925.0
008 - FIXED-LENGTH DATA ELEMENTS--GENERAL INFORMATION
fixed length control field 140123s1948 nyu 001 0 eng
035 ## - SYSTEM CONTROL NUMBER
System control number (BD-RjUL)10306
System control number (OCoLC)2313484
040 ## - CATALOGING SOURCE
Original cataloging agency DLC
Transcribing agency ODaWU
Modifying agency DLC
-- BD-RjUL
Language of cataloging eng
041 ## - LANGUAGE CODE
Language code of text/sound track or separate title eng
082 ## - DEWEY DECIMAL CLASSIFICATION NUMBER
Classification number 541.3453
Author mark and year VET
100 1# - MAIN ENTRY--PERSONAL NAME
Personal name Verwey, E. J. W.
Fuller form of name (Evert Johannes Willem)
9 (RLIN) 31695
245 10 - TITLE STATEMENT
Title Theory of the stability of lyophobic colloids;
Remainder of title the interaction of sol particles having an electric double layer,
Statement of responsibility, etc. by E. J. W. Verwey and J. Th. G. Overbeek, with the collaboration of K. Van Nes.
260 ## - PUBLICATION, DISTRIBUTION, ETC. (IMPRINT)
Place of publication, distribution, etc. New York :
Name of publisher, distributor, etc. Elsevier Pub. Co.,
Date of publication, distribution, etc. 1948.
300 ## - PHYSICAL DESCRIPTION
Pagination xi, 205 p. :
Illustrations diagrs. ;
Size 25 cm.
504 ## - BIBLIOGRAPHY, ETC. NOTE
Bibliography, etc Includes index.
650 #0 - SUBJECT ADDED ENTRY--TOPICAL TERM
Topical term or geographic name as entry element Colloids.
9 (RLIN) 29529
Topical term or geographic name as entry element Adsorption.
9 (RLIN) 31696
Topical term or geographic name as entry element Ionization.
9 (RLIN) 31697
700 1# - ADDED ENTRY--PERSONAL NAME
Personal name Overbeek, J. Th. G.
Fuller form of name (Jan Theodoor Gerard),
Dates associated with a name 1911-
Relator term joint author.
Personal name Nes, K. van,
Relator term joint author.
942 ## - ADDED ENTRY ELEMENTS (KOHA)
Source of classification or shelving scheme Dewey Decimal Classification
Koha item type Books
Holdings
Lost status Source of classification or shelving scheme Damaged status Not for loan Collection code Permanent Location Current Location Shelving location Date acquired Source of acquisition Cost, normal purchase price Total Checkouts Full call number Date last seen Copy number Koha item type
  Dewey Decimal Classification     Non-fiction Central Library, University of Rajshahi Central Library, University of Rajshahi   21/03/1966 Zeitlinger 45.00   541.3453 VET 1962 23/01/2014 C-2 Books